00646nam a2200229Ia 450000100060000000300090000600800410001504000130005604000130006904100130008210000180009510000290011324500500014224500230019225000110021526000120022626000130023826000490025130000570030065000280035765000310038510580IT-RoPAU130308s9999 xx 000 0 und d aIT-RoPAU cIT-RoPAU aITALIANO aFofi Goffredo gCodice Aut. SPICS: 6567 aDottor Mabuse contro l'onorevole Fanfani (Il) bNel Nome del Padre a1a ed. aBOLOGNA bCappelli c1971 [1° Ed.:1971 - Ed.Ling.Originale:1971] a"10 p. (prefazione: no ; testo: 10 [pagine: 11-20])" aAUTORI/OPERE DEL CINEMA eCodice materia Spics: 6807